| 000 | 01028nam a22002297a 4500 | ||
|---|---|---|---|
| 003 | OSt | ||
| 005 | 20260505173910.0 | ||
| 008 | 260505b ||||| |||| 00| 0 spa d | ||
| 020 | _a9789585084469 | ||
| 040 | _c9789585084469 | ||
| 041 | _aspa | ||
| 082 |
_a658.30019 _bC37n |
||
| 100 |
_aCisneros Enríquez, Andrés _eautor |
||
| 245 | _aNeuroliderazgo sin límites | ||
| 264 |
_aBogotá; _bEco Ediciones, _c2025 |
||
| 300 |
_a118 páginas; _bTapa rustica, ilustraciones a blanco y negro, _c24 cm |
||
| 521 | _aEl libro explica cómo aplicar conocimientos del cerebro (neurociencia) para mejorar la forma de liderar y tomar decisiones. A lo largo del libro: 🧠 Se analiza cómo piensan las personas 💡 Se enseñan técnicas para influir y motivar 🚀 Se proponen estrategias para liderar equipos Se enfoca en que el liderazgo moderno debe entender emociones, hábitos y comportamientos. | ||
| 650 | _aCultura organizacional | ||
| 650 | _aEstrategias | ||
| 650 | _aLiderazgo ejecutivo | ||
| 942 |
_2ddc _cBK |
||
| 999 |
_c16296 _d16296 |
||